| 000 -LEADER |
| fixed length control field |
00458nam a22001697a 4500 |
| 020 ## - INTERNATIONAL STANDARD BOOK NUMBER |
| International Standard Book Number |
9780199655007 |
| 082 ## - DEWEY DECIMAL CLASSIFICATION NUMBER |
| Classification number |
T33 B623 |
| 100 ## - MAIN ENTRY--PERSONAL NAME |
| Personal name |
Blowfield, Michael |
| 9 (RLIN) |
324 |
| 245 ## - TITLE STATEMENT |
| Title |
Corporate responsibility |
| Statement of responsibility, etc |
edited by Michael blowfield |
| 250 ## - EDITION STATEMENT |
| Edition statement |
2nd ed. |
| 260 ## - PUBLICATION, DISTRIBUTION, ETC. (IMPRINT) |
| Place of publication, distribution, etc |
New Delhi |
| Name of publisher, distributor, etc |
Oxford |
| Date of publication, distribution, etc |
2018 |
| 300 ## - PHYSICAL DESCRIPTION |
| Extent |
230p. |
| 600 ## - SUBJECT ADDED ENTRY--PERSONAL NAME |
| Personal name |
Corporate Social Responsibility |
| 9 (RLIN) |
325 |
| 650 ## - SUBJECT ADDED ENTRY--TOPICAL TERM |
| Topical term or geographic name as entry element |
Management |
| 9 (RLIN) |
326 |
| 650 ## - SUBJECT ADDED ENTRY--TOPICAL TERM |
| Topical term or geographic name as entry element |
Corporate |
| 9 (RLIN) |
327 |
| 700 ## - ADDED ENTRY--PERSONAL NAME |
| Personal name |
Murray, Alan |
| 9 (RLIN) |
328 |